Misión cristiana y responsabilidad social (Registro nro. 42625)
[ vista simple ]
| 000 -LÍDER | |
|---|---|
| Campo fijo de descripción fija | 013410000a22002650004500 |
| 001 - NÚMERO DE CONTROL | |
| Campo de control | 13670 |
| 003 - IDENTIFICADOR DEL NÚMERO DE CONTROL | |
| Campo de control | CO-MdFUSB |
| 005 - FECHA Y HORA DE LA ULTIMA TRANSACCIÓN | |
| control field | 20180622165324.0 |
| 008 - ELEMENTOS DE LONGITUD FIJA -- INFORMACIÓN GENERAL | |
| Campo fijo de descripción fija -- Información general | 160825b xxu||||| |||| 00| 0 eng d |
| 020 ## - NÚMERO INTERNACIONAL NORMALIZADO PARA LIBROS | |
| Número Internacional Normalizado del libro | 978-987-1355-20-4 : 978-987-1355-21-1 : 978-987-1355-25-5 |
| 040 ## - FUENTE DE CATALOGACIÓN | |
| Agencia que realiza la transcripción | CO-MdFUSB |
| 082 04 - NÚMERO DE CLASIFICACIÓN DECIMAL DEWEY | |
| Número de clasificación | G 241.21 B9386m |
| 100 1# - ASIENTO PRINCIPAL--NOMBRE PERSONAL | |
| Nombre personal | Bullón, H. Fernando |
| 245 10 - TÍTULO | |
| Título del Material | Misión cristiana y responsabilidad social |
| Mención de responsabilidad, etc. | / H. Fernando Bullón ; dirigido por C. René Padilla |
| 264 ## - PRODUCCIÓN, PUBLICACIÓN, DISTRIBUCIÓN, MANUFACTURA, Y COPYRIGHT | |
| Lugar de producción, publicación, distribución, manufactura | Florida : |
| Nombre del productor, publicador, distribuidor | Kairós, |
| Fecha de producción, publicación, distribución, manufactura, o copyright | 2008 |
| 300 ## - DESCRIPCIÓN FÍSICA | |
| Extensión | 307 p. t.1 ; 352 p. t.2 ; 355 p. t.3 |
| 336 ## - CONTENT TYPE | |
| Content type term | texto |
| Content type code | txt |
| Source | rdacontent |
| 337 ## - MEDIA TYPE | |
| Source | rdamedia |
| Media type term | sin mediación |
| Media type code | n |
| 338 ## - CARRIER TYPE | |
| Source | rdacarrier |
| Carrier type term | volumen |
| Carrier type code | nc |
| 500 ## - NOTA GENERAL | |
| Nota General | La biblioteca tiene tomo I y tomo II |
| 505 00 - NOTA DE CONTENIDO | |
| Nota de contenido con formato preestablecido | Tomo I. Ética cristiana y responsabilidad social: Fundamentos de ética - Ética social cristiana - Teología, ética y ciencias sociales - La ética social en el Antiguo Testamento - La ética social en el Nuevo Testamento. \ Tomo II. Historia de la iglesia y responsabilidad social: Panorama anterior a la reforma protestante - Desarrollo dentro de la tradición protestante - La acción social de las iglesias protestantes en tierras latinoamericanas |
| 650 14 - ASIENTO SECUNDARIO DE MATERIA - TERMINO TEMÁTICO | |
| Término temático o nombre geográfico como elemento de entrada | ETICA CRISTIANA \ RESPONSABILIDAD SOCIAL \ MISION CRISTIANA |
| 700 1# - ASIENTO SECUNDARIO - NOMBRE PERSONAL | |
| Nombre personal | Padilla, C. René , dir. |
| 942 ## - TIPO DE MATERIAL (KOHA) | |
| Tipo de Item KOHA | Libros General |
| Estado de Material | Estado de Perdido | Forma de Clasificación | Estado de Dañado | No para Préstamo | Colección | Tomo | Biblioteca de Origen | Biblioteca Permanente | Fecha de Adquisición | Total de Préstamos | Signatura Topográfica | Código de Barras | Prestado | Última vez visto | Última vez Préstado | Ejemplar/Existencia | Fecha de Remplazo | Tipo de Material | Total de Renovaciones |
|---|---|---|---|---|---|---|---|---|---|---|---|---|---|---|---|---|---|---|---|
| Dewey Decimal Classification | Colección General | 1 | Biblioteca FUSBC | Biblioteca FUSBC | 28/07/2010 | 8 | G 241.21 B9386m | 17196 | 16/05/2026 | 15/04/2026 | 15/04/2026 | T.1, ej. 1 | 26/01/2016 | Libros General | |||||
| Colección General | 3 | Biblioteca FUSBC | Biblioteca FUSBC | 26/06/2014 | 7 | G 241.21 B9386m | 18355 | 26/08/2025 | 23/04/2025 | 1 | 26/01/2016 | Libros General | 6 | ||||||
| Dewey Decimal Classification | Colección General | 2 | Biblioteca FUSBC | Biblioteca FUSBC | 28/07/2010 | 3 | G 241.21 B9386m | 17197 | 12/12/2019 | 29/03/2017 | T.2, ej. 1 | 26/01/2016 | Libros General |
